[Event "San Francisco TNM Spring op"]
[Site "San Francisco"]
[Date "2012.03.13"]
[Round "1"]
[White "Marshall, Johnathan"]
[Black "Matsuda, Leo"]
[Result "1-0"]
[WhiteElo "1679"]
[BlackElo "2057"]
[PlyCount "83"]
[EventDate "2012.03.13"]
[EventType "swiss"]
[EventRounds "8"]
[EventCountry "USA"]
[SourceTitle "EXT 2014"]
[Source "ChessBase"]
[SourceDate "2013.11.20"]
[SourceVersion "1"]
[SourceVersionDate "2013.11.20"]
[SourceQuality "1"]

1. e4 c5 2. Nf3 d6 3. d4 cxd4 4. Nxd4 Nc6 5. Nc3 Nf6 6. Be2 a6 7. a4 e6 8. Be3 Be7 9. 0-0 0-0 10. f4 Bd7 11. Nb3 a5 12. Bd3 Nb4 13. e5 dxe5 14. fxe5 Nfd5 15. Nxd5 exd5 16. Bf5 Bxf5 17. Rxf5 Qd7 18. Rh5 Qe6 19. c3 Nc6 20. Nd4 Qd7 21. Rh3 g6 22. Nf3 b6 23. Kh1 Bc5 24. Bg5 Rfe8 25. Bf6 Be7 26. Qd2 Bxf6 27. exf6 Qf5 28. Nd4 Nxd4 29. Qxd4 Re4 30. Qxb6 Rae8 31. Rg1 Rxa4 32. Qb5 Rae4 33. Rf3 Qe6 34. Qxa5 Re1 35. Rff1 Re2 36. b4 Rc8 37. b5 Rxc3 38. Qxc3 Re3 39. Qc6 d4 40. Rb1 Qxc6 41. bxc6 Rc3 42. Rb8# 1-0

[Event "San Francisco TNM Fall op"]
[Site "San Francisco"]
[Date "2011.10.25"]
[Round "2"]
[White "Gaffagan, Steven"]
[Black "Marshall, Johnathan"]
[Result "1-0"]
[WhiteElo "2072"]
[BlackElo "1589"]
[PlyCount "42"]
[EventDate "2011.10.18"]
[EventType "swiss"]
[EventRounds "9"]
[EventCountry "USA"]
[SourceTitle "EXT 2016"]
[Source "ChessBase"]
[SourceDate "2015.10.08"]
[SourceVersion "1"]
[SourceVersionDate "2015.10.08"]
[SourceQuality "1"]

1. e4 c5 2. Nf3 d6 3. c3 Nf6 4. Be2 Bd7 5. d3 e6 6. 0-0 Bc6 7. Re1 Nbd7 8. Bf1 Be7 9. a4 0-0 10. Nbd2 a5 11. d4 Qb8 12. d5 Bxa4 13. Qxa4 exd5 14. exd5 Nb6 15. Qd1 Re8 16. Bb5 Nbxd5 17. Bxe8 Qxe8 18. Nc4 Qb5 19. Qa4 Qxa4 20. Rxa4 Bd8 21. Nxd6 Nc7 1-0

[Event "San Francisco TNM Litowsky op"]
[Site "San Francisco"]
[Date "2011.08.23"]
[Round "4"]
[White "Sherwood, Peter"]
[Black "Marshall, Johnathan"]
[Result "1/2-1/2"]
[WhiteElo "1807"]
[BlackElo "1589"]
[PlyCount "86"]
[EventDate "2011.08.02"]
[EventType "swiss"]
[EventRounds "9"]
[EventCountry "USA"]
[SourceTitle "EXT 2016"]
[Source "ChessBase"]
[SourceDate "2015.10.08"]
[SourceVersion "1"]
[SourceVersionDate "2015.10.08"]
[SourceQuality "1"]

1. e4 d5 2. exd5 Nf6 3. Nc3 Nxd5 4. Nxd5 Qxd5 5. Nf3 Bg4 6. Be2 Nc6 7. 0-0 0-0-0 8. d3 f6 9. Be3 h5 10. d4 Qd7 11. c3 g5 12. b4 Bxf3 13. Bxf3 g4 14. Be2 Bh6 15. Bxh6 Rxh6 16. Qa4 a6 17. Rab1 Nb8 18. Qb3 b5 19. a4 c6 20. axb5 cxb5 21. Rfe1 f5 22. Bd3 Rc6 23. Re5 e6 24. Rbe1 Qc7 25. Rc5 Rdd6 26. Ree5 Nd7 27. Rxc6 Rxc6 28. Rxe6 Rxc3 29. Re8+ Kb7 30. Qd5+ Kb6 31. Re6+ Ka7 32. Bf1 Nb6 33. Qxf5 Rc1 34. g3 Nc8 35. Kg2 Qb7+ 36. d5 Nb6 37. Qe4 Nxd5 38. Bd3 Rc7 39. Kf1 Rc1+ 40. Kg2 Rc7 41. Kf1 Rc1+ 42. Kg2 Rc7 43. h3 Nxb4 1/2-1/2

[Event "San Francisco TNM Litowsky op"]
[Site "San Francisco"]
[Date "2011.08.16"]
[Round "3"]
[White "Marshall, Johnathan"]
[Black "De Linea, Digne"]
[Result "0-1"]
[WhiteElo "1589"]
[BlackElo "1886"]
[PlyCount "64"]
[EventDate "2011.08.02"]
[EventType "swiss"]
[EventRounds "9"]
[EventCountry "USA"]
[SourceTitle "EXT 2016"]
[Source "ChessBase"]
[SourceDate "2015.10.08"]
[SourceVersion "1"]
[SourceVersionDate "2015.10.08"]
[SourceQuality "1"]

1. e4 c5 2. Nf3 Nc6 3. Bb5 a6 4. Bxc6 bxc6 5. 0-0 d5 6. e5 Bg4 7. c3 e6 8. Qa4 Qb6 9. Qxg4 Nh6 10. Qa4 Nf5 11. d3 0-0-0 12. Nbd2 Be7 13. b4 cxb4 14. cxb4 Kc7 15. a3 g5 16. Nb3 g4 17. Ng5 Rdf8 18. h3 Bxg5 19. Bxg5 gxh3 20. Qa5 Qxa5 21. Nxa5 Rhg8 22. Be3 Rxg2+ 23. Kh1 Rfg8 24. Bf4 Nd4 25. f3 Ne2 26. Bh2 h5 27. Nb3 h4 28. Rad1 Ng3+ 29. Bxg3 hxg3 30. Nd2 Rxd2 31. Rxd2 g2+ 32. Kg1 h2+ 0-1